[Event "Cto. FACV Ind. Absoluto Valencia 2014"]
[Site "Valencia ESP"]
[Date "2014.11.15"]
[Round "6.5"]
[White "Gonzalvez Perales, Jose Luis"]
[Black "Ribera Cebolla, Marc"]
[Result "1/2-1/2"]
[WhiteElo "2008"]
[BlackElo "2207"]
[PlyCount "52"]
[EventDate "2014.09.27"]
[EventType "swiss"]
[EventRounds "7"]
[EventCountry "ESP"]

1. e4 c5 2. c3 Qa5 3. Nf3 Nc6 4. Na3 Nf6 5. e5 Nd5 6. Bc4 Nc7 7. Qe2 e6 8. O-O
a6 9. d4 b5 10. Bd3 c4 11. Be4 Bxa3 12. bxa3 Qxc3 13. Bb2 Qa5 14. Ng5 Bb7 15.
d5 Nd8 16. dxe6 dxe6 17. Bxb7 Nxb7 18. Qf3 Nd8 19. Rad1 Nd5 20. Rxd5 exd5 21.
Qxd5 Ra7 22. e6 fxe6 23. Nxe6 Nxe6 24. Qxe6+ Re7 25. Qc6+ Kf8 26. Qf3+ Ke8
1/2-1/2

[Event "Cto. FACV Ind. Absoluto Valencia 2014"]
[Site "Valencia ESP"]
[Date "2014.11.15"]
[Round "6.6"]
[White "Torres Sanchez, Jose"]
[Black "Nieves Cabanes, Javier"]
[Result "0-1"]
[WhiteElo "2277"]
[BlackElo "2097"]
[PlyCount "60"]
[EventDate "2014.09.27"]
[EventType "swiss"]
[EventRounds "7"]
[EventCountry "ESP"]

1. e4 c5 2. Nf3 e6 3. Qe2 Nc6 4. g3 Qc7 5. Bg2 Nf6 6. O-O Be7 7. c3 d5 8. e5
Nd7 9. d4 O-O 10. Na3 a6 11. Bf4 b5 12. dxc5 Bxc5 13. Nc2 a5 14. Rfd1 b4 15.
Ncd4 bxc3 16. bxc3 Ba6 17. Qe1 Ne7 18. g4 Rfc8 19. Bg3 Ba3 20. Qe3 Qxc3 21. Qg5
Ng6 22. Qh4 Bb2 23. Rab1 Bd3 24. Bf1 Bxb1 25. Rxb1 Rab8 26. Rd1 Rb4 27. Be2 Qc5
28. Nb3 Qc2 29. Kf1 a4 30. Rd2 axb3 0-1

[Event "Cto. FACV Ind. Absoluto Valencia 2014"]
[Site "Valencia ESP"]
[Date "2014.11.15"]
[Round "6.7"]
[White "O`neill Y Daneiko, Jose Antoni"]
[Black "Redondo Flores, David"]
[Result "0-1"]
[WhiteElo "2133"]
[BlackElo "1999"]
[PlyCount "77"]
[EventDate "2014.09.27"]
[EventType "swiss"]
[EventRounds "7"]
[EventCountry "ESP"]

1. e4 c5 2. Nc3 a6 3. Nge2 d6 4. d4 cxd4 5. Nxd4 Nf6 6. f3 e6 7. Be3 b5 8. Qd2
Nbd7 9. g4 h6 10. O-O-O Bb7 11. h4 b4 12. Na4 Qa5 13. b3 Nc5 14. a3 Nxa4 15.
axb4 Qc7 16. bxa4 d5 17. e5 Nd7 18. f4 Nb6 19. Rh3 Nc4 20. Qc3 Rc8 21. Qb3 Qb6
22. b5 Bc5 23. bxa6 Bxa6 24. Qxb6 Bxb6 25. Nf5 Bxe3+ 26. Nxe3 O-O 27. Rd4 Nxe3
28. Bxa6 Rxc2+ 29. Kb1 Rb8+ 30. Bb5 Re2 31. Rg3 Re1+ 32. Ka2 Rc8 33. Rd2 Rec1
34. Ka3 Nc4+ 35. Bxc4 R1xc4 36. Ra2 Re4 37. a5 Rcc4 38. Kb3 Rb4+ 39. Kc3 0-1

[Event "Cto. FACV Ind. Absoluto Valencia 2014"]
[Site "Valencia ESP"]
[Date "2014.11.15"]
[Round "6.8"]
[White "Garcia Martin, Marta"]
[Black "Jordan Arenas, Manuel"]
[Result "0-1"]
[WhiteElo "1973"]
[BlackElo "2124"]
[PlyCount "54"]
[EventDate "2014.09.27"]
[EventType "swiss"]
[EventRounds "7"]
[EventCountry "ESP"]

1. e4 e5 2. Nf3 Nc6 3. Bc4 Bc5 4. d3 Nf6 5. c3 O-O 6. O-O d6 7. Bb3 b5 8. h3 a5
9. Bg5 h6 10. Bh4 g5 11. Nxg5 hxg5 12. Bxg5 Kg7 13. Bd5 Qe8 14. d4 Bb6 15. Qf3
Nxd5 16. exd5 f6 17. dxc6 fxg5 18. Qg3 exd4 19. Nd2 Qe5 20. Qxe5+ dxe5 21. Rae1
dxc3 22. bxc3 Bf5 23. Rxe5 Bd3 24. Re7+ Rf7 25. Rxf7+ Kxf7 26. Rd1 Be2 27. Rc1
Rd8 0-1

[Event "Cto. FACV Ind. Absoluto Valencia 2014"]
[Site "Valencia ESP"]
[Date "2014.11.15"]
[Round "6.9"]
[White "Ortega Andres, Fernando"]
[Black "Gonzalez Aguirre, Luis"]
[Result "1/2-1/2"]
[WhiteElo "1843"]
[BlackElo "2089"]
[PlyCount "59"]
[EventDate "2014.09.27"]
[EventType "swiss"]
[EventRounds "7"]
[EventCountry "ESP"]

1. e4 c6 2. Nc3 d5 3. Qf3 e6 4. d4 dxe4 5. Nxe4 Nd7 6. Bd3 Ngf6 7. Ne2 Nxe4 8.
Bxe4 Nf6 9. Bd3 Qd5 10. Qg3 g6 11. c4 Qa5+ 12. Bd2 Qd8 13. O-O Bd6 14. Qf3 O-O
15. Bc3 Bd7 16. Rad1 Qe7 17. Rfe1 Rfe8 18. Ng3 a5 19. Ne4 Nxe4 20. Bxe4 Bb4 21.
c5 Qf8 22. a3 Bxc3 23. Qxc3 Reb8 24. b4 axb4 25. axb4 Ra7 26. Ra1 Rba8 27. Rxa7
Rxa7 28. Ra1 Qa8 29. Rxa7 Qxa7 30. h3 1/2-1/2

[Event "Cto. FACV Ind. Absoluto Valencia 2014"]
[Site "Valencia ESP"]
[Date "2014.11.15"]
[Round "6.10"]
[White "Garcia Perez, Ramon"]
[Black "Navarro Diaz, Carles"]
[Result "0-1"]
[WhiteElo "1881"]
[BlackElo "2103"]
[PlyCount "58"]
[EventDate "2014.09.27"]
[EventType "swiss"]
[EventRounds "7"]
[EventCountry "ESP"]

1. e4 c5 2. Nc3 Nc6 3. g3 g6 4. Bg2 Bg7 5. Nge2 e6 6. d3 Nge7 7. Be3 Nd4 8. Nc1
Nec6 9. a3 d6 10. Qd2 a6 11. Nd1 Ne5 12. Bxd4 cxd4 13. Ne2 Nc6 14. O-O O-O 15.
c4 e5 16. f4 f5 17. fxe5 dxe5 18. Nf2 f4 19. gxf4 exf4 20. Nh1 Bh6 21. e5 Nxe5
22. Bd5+ Kg7 23. Nxd4 f3 24. Qe1 Qg5+ 25. Ng3 Qe3+ 26. Qf2 Nxd3 27. Qxe3 Bxe3+
28. Kh1 Bxd4 29. Rad1 Nf2+ 0-1

[Event "Cto. FACV Ind. Absoluto Valencia 2014"]
[Site "Valencia ESP"]
[Date "2014.11.15"]
[Round "6.11"]
[White "Cebolla Moll, Ricardo"]
[Black "Custard Gasco, Daniel"]
[Result "1-0"]
[WhiteElo "2017"]
[BlackElo "1775"]
[PlyCount "83"]
[EventDate "2014.09.27"]
[EventType "swiss"]
[EventRounds "7"]
[EventCountry "ESP"]

1. f4 d5 2. Nf3 Nf6 3. e3 Bf5 4. b3 e6 5. Bb2 Be7 6. Ne5 O-O 7. Be2 h6 8. O-O
Nbd7 9. Bd3 Bxd3 10. Nxd3 c6 11. Nc3 Qc7 12. Ne2 Ne4 13. Nf2 Bf6 14. c3 Nxf2
15. Rxf2 Nc5 16. Qc2 Ne4 17. Rf3 Rfe8 18. Ng3 Nxg3 19. Rxg3 Rac8 20. Rf1 Qe7
21. Qd1 g6 22. Qg4 Kh7 23. Rh3 c5 24. d3 c4 25. bxc4 dxc4 26. d4 Bg7 27. e4 f5
28. Qf3 Rc6 29. Re1 Rb6 30. Bc1 Qd7 31. e5 Rb1 32. Qe2 Qb5 33. Qc2 Rc8 34. Rhe3
Rc6 35. R3e2 Rb6 36. h3 Bf8 37. g4 Be7 38. gxf5 gxf5 39. Rg2 Qe8 40. Qf2 Qf7
41. Kh2 Qe8 42. Reg1 1-0

[Event "Cto. FACV Ind. Absoluto Valencia 2014"]
[Site "Valencia ESP"]
[Date "2014.11.15"]
[Round "6.12"]
[White "Lozano Gil, Jose Luis"]
[Black "Baeza Garcia, Agustin"]
[Result "1/2-1/2"]
[WhiteElo "1950"]
[BlackElo "1939"]
[PlyCount "24"]
[EventDate "2014.09.27"]
[EventType "swiss"]
[EventRounds "7"]
[EventCountry "ESP"]

1. e4 e6 2. d4 d5 3. Nc3 dxe4 4. Nxe4 Bd7 5. Nf3 Bc6 6. Bd3 Nd7 7. O-O Ngf6 8.
Re1 Bxe4 9. Bxe4 Nxe4 10. Rxe4 Be7 11. Bf4 c6 12. h3 O-O 1/2-1/2

[Event "Cto. FACV Ind. Absoluto Valencia 2014"]
[Site "Valencia ESP"]
[Date "2014.11.15"]
[Round "6.13"]
[White "Nieves Cabanes, Jose Manuel"]
[Black "Capella Gimenez, Jose M"]
[Result "1-0"]
[WhiteElo "1939"]
[BlackElo "2051"]
[PlyCount "42"]
[EventDate "2014.09.27"]
[EventType "swiss"]
[EventRounds "7"]
[EventCountry "ESP"]

1. d4 Nf6 2. Nf3 g6 3. c4 Bg7 4. Nc3 O-O 5. e4 d6 6. Be2 e5 7. O-O Nc6 8. Be3
Ng4 9. Bg5 f6 10. Bh4 exd4 11. Nxd4 Nxd4 12. Qxd4 Qe8 13. Bxg4 Bxg4 14. Nd5 f5
15. Bf6 c5 16. Qc3 Qf7 17. Bxg7 Qxg7 18. Qxg7+ Kxg7 19. f3 Bh5 20. Nc7 fxe4 21.
Nxa8 Rxa8 1-0

[Event "Cto. FACV Ind. Absoluto Valencia 2014"]
[Site "Valencia ESP"]
[Date "2014.11.15"]
[Round "6.14"]
[White "Leon Ortiz, Jose Vicente"]
[Black "Roca Cruz, Rafael"]
[Result "0-1"]
[WhiteElo "1794"]
[BlackElo "1950"]
[PlyCount "63"]
[EventDate "2014.09.27"]
[EventType "swiss"]
[EventRounds "7"]
[EventCountry "ESP"]

1. e4 c5 2. Nf3 e6 3. d4 cxd4 4. Nxd4 a6 5. Bc4 b5 6. Bd3 Bb7 7. Qe2 Qc7 8. O-O
Nc6 9. c3 Rc8 10. Be3 Ne5 11. Nd2 Nf6 12. h3 Nxd3 13. Qxd3 Be7 14. Ne2 d5 15.
exd5 Nxd5 16. Bd4 O-O 17. Qg3 Qxg3 18. Nxg3 Nf4 19. f3 Rfd8 20. Rad1 Bh4 21.
Kh2 Bxg3+ 22. Kxg3 Ne2+ 23. Kf2 Nxd4 24. cxd4 Rxd4 25. Nb3 Rc2+ 26. Ke3 Rd5 27.
Rf2 Rxf2 28. Rxd5 Rxf3+ 29. gxf3 Bxd5 30. Nc5 a5 31. a3 g5 32. f4 0-1

[Event "Cto. FACV Ind. Absoluto Valencia 2014"]
[Site "Valencia ESP"]
[Date "2014.11.15"]
[Round "6.15"]
[White "Ribes Peris, Alvaro"]
[Black "Benedito Salavert, Jaime"]
[Result "0-1"]
[WhiteElo "2052"]
[BlackElo "1914"]
[PlyCount "60"]
[EventDate "2014.09.27"]
[EventType "swiss"]
[EventRounds "7"]
[EventCountry "ESP"]

1. d4 Nf6 2. c4 e6 3. Nc3 c5 4. d5 exd5 5. cxd5 d6 6. e4 g6 7. Bb5+ Nbd7 8. a4
Bg7 9. f4 O-O 10. Nf3 a6 11. Be2 Re8 12. O-O Nxe4 13. Nxe4 Rxe4 14. f5 Ne5 15.
fxg6 hxg6 16. Ng5 Rd4 17. Qc2 Bf6 18. Nxf7 Kxf7 19. Bg5 Bf5 20. Rxf5 gxf5 21.
Qxf5 Kg7 22. Be3 Qd7 23. Bh6+ Kxh6 24. Qxf6+ Ng6 25. Ra3 Rh4 26. Rg3 Qg7 27.
Qg5+ Kh7 28. Bd3 Rh6 29. Kh1 Re8 30. Qg4 Re1+ 0-1

[Event "Cto. FACV Ind. Absoluto Valencia 2014"]
[Site "Valencia ESP"]
[Date "2014.11.22"]
[Round "7.2"]
[White "Buenafe Moya, Javier"]
[Black "Rubio Tent, Francisco"]
[Result "1/2-1/2"]
[WhiteElo "2256"]
[BlackElo "2189"]
[PlyCount "118"]
[EventDate "2014.09.27"]
[EventType "swiss"]
[EventRounds "7"]
[EventCountry "ESP"]

1. c4 e5 2. Nc3 Nf6 3. g3 Bb4 4. Bg2 O-O 5. Nf3 Re8 6. O-O e4 7. Nd4 Nc6 8. Nc2
Bxc3 9. bxc3 d6 10. Ne3 Ne5 11. Rb1 Rb8 12. Qc2 Neg4 13. d3 exd3 14. exd3 c6
15. Bxc6 Re7 16. Bg2 Qa5 17. Rb5 Qc7 18. Nd5 Nxd5 19. Rxd5 Be6 20. Rd4 Bf5 21.
Ba3 Re6 22. Qd1 Ne5 23. f4 Ng4 24. Re1 Rbe8 25. Be4 Nf6 26. Qa4 Qc8 27. Qc2 Qd7
28. Re2 Bg4 29. Rd2 g6 30. c5 d5 31. c4 Nxe4 32. dxe4 Rxe4 33. Rxe4 Rxe4 34.
Qxe4 dxe4 35. Rxd7 Bxd7 36. Kf2 Be6 37. Ke3 Bxc4 38. Kxe4 Bxa2 39. Ke5 Kg7 40.
h4 Be6 41. Bc1 Bf5 42. h5 Kh6 43. hxg6 fxg6 44. Kd4 Kh5 45. Ke3 Kg4 46. Kf2 h5
47. Bb2 h4 48. gxh4 Kxf4 49. Ke2 Ke4 50. Kd2 Kd5 51. Ba3 Kc4 52. Kc1 Kb3 53.
Bb2 a5 54. Bf6 a4 55. Bg7 a3 56. Bf6 a2 57. Bg7 Be6 58. Bf6 Kc4 59. Kb2 Kxc5
1/2-1/2

[Event "Cto. FACV Ind. Absoluto Valencia 2014"]
[Site "Valencia ESP"]
[Date "2014.11.22"]
[Round "7.3"]
[White "Nieves Cabanes, Javier"]
[Black "Sanchez Saez, Francisco"]
[Result "0-1"]
[WhiteElo "2097"]
[BlackElo "2320"]
[PlyCount "70"]
[EventDate "2014.09.27"]
[EventType "swiss"]
[EventRounds "7"]
[EventCountry "ESP"]

1. d4 Nf6 2. c4 c5 3. d5 e6 4. Nc3 exd5 5. cxd5 d6 6. Nf3 g6 7. Bf4 a6 8. a4
Bg7 9. h3 O-O 10. e3 Re8 11. Nd2 Nbd7 12. Be2 Ne5 13. O-O Nfd7 14. Nde4 Qe7 15.
Qb3 f5 16. Ng5 Nf8 17. h4 h6 18. Nf3 Nfd7 19. a5 Nxf3+ 20. Bxf3 Be5 21. Ne2
Bxf4 22. Nxf4 Ne5 23. Be2 Qxh4 24. Ne6 Bxe6 25. dxe6 Qe7 26. f4 Nc6 27. Bc4 Kh7
28. g4 Qh4 29. Qxb7+ Ne7 30. Qg2 d5 31. Be2 Rab8 32. g5 Rxb2 33. e4 fxe4 34.
Ra3 Nf5 35. Rh3 Rxe2 0-1

[Event "Cto. FACV Ind. Absoluto Valencia 2014"]
[Site "Valencia ESP"]
[Date "2014.11.22"]
[Round "7.4"]
[White "Cruz Lledo, Pablo"]
[Black "Gonzalvez Perales, Jose Luis"]
[Result "1-0"]
[WhiteElo "2290"]
[BlackElo "2008"]
[PlyCount "81"]
[EventDate "2014.09.27"]
[EventType "swiss"]
[EventRounds "7"]
[EventCountry "ESP"]

1. d4 Nf6 2. c4 c5 3. d5 b5 4. Nf3 g6 5. cxb5 a6 6. b6 d6 7. Nc3 Nbd7 8. e4 Bg7
9. Nd2 Nxb6 10. a4 Rb8 11. Be2 O-O 12. O-O Nfd7 13. a5 Na8 14. Nc4 Nc7 15. Bf4
Nb5 16. Nxb5 Rxb5 17. Nxd6 Rxb2 18. Nc4 Rb4 19. Rb1 f5 20. e5 g5 21. Bxg5 Bxe5
22. Rxb4 cxb4 23. Nxe5 Nxe5 24. Qd4 Nf7 25. Bh4 Qd6 26. Rb1 e6 27. Rb3 f4 28.
Rxb4 e5 29. Qd2 Be6 30. Bc4 Bc8 31. Rb6 Qc5 32. Rc6 Qa3 33. d6 Qa1+ 34. Bf1 Bd7
35. Rc1 Qa3 36. Be7 Rb8 37. Bc4 Kg7 38. Re1 Rb2 39. Qd5 Be8 40. Qe6 Qxa5 41.
Qg4+ 1-0

[Event "Cto. FACV Ind. Absoluto Valencia 2014"]
[Site "Valencia ESP"]
[Date "2014.11.22"]
[Round "7.5"]
[White "Jordan Arenas, Manuel"]
[Black "Fos Santacreu, Juan Andres"]
[Result "0-1"]
[WhiteElo "2124"]
[BlackElo "2279"]
[PlyCount "53"]
[EventDate "2014.09.27"]
[EventType "swiss"]
[EventRounds "7"]
[EventCountry "ESP"]

1. e4 c6 2. d4 d5 3. e5 c5 4. Nf3 Nc6 5. dxc5 e6 6. Be3 Nge7 7. c3 Ng6 8. Bb5
Qc7 9. Qd4 Be7 10. O-O O-O 11. Bxc6 bxc6 12. Nbd2 f6 13. exf6 Bxf6 14. Qa4 a6
15. Nd4 Bd7 16. f4 Be7 17. Ne2 e5 18. fxe5 Nxe5 19. Ng3 Nd3 20. b4 Ne5 21. Qc2
Bh4 22. Rxf8+ Rxf8 23. Ndf1 Ng4 24. Bd4 Bf6 25. Rd1 Qf4 26. Qd2 Qc7 27. h3 0-1

[Event "Cto. FACV Ind. Absoluto Valencia 2014"]
[Site "Valencia ESP"]
[Date "2014.11.22"]
[Round "7.9"]
[White "Gonzalez Aguirre, Luis"]
[Black "O`neill Y Daneiko, Jose Antoni"]
[Result "1-0"]
[WhiteElo "2089"]
[BlackElo "2133"]
[PlyCount "69"]
[EventDate "2014.09.27"]
[EventType "swiss"]
[EventRounds "7"]
[EventCountry "ESP"]

1. d4 c5 2. c3 d5 3. Nf3 Nf6 4. Bf4 Nc6 5. e3 Qb6 6. Qb3 c4 7. Qc2 Bf5 8. Qc1
g6 9. h3 Bg7 10. Be2 O-O 11. Nbd2 Rfe8 12. O-O Ne4 13. Nxe4 Bxe4 14. Nd2 Bf5
15. e4 Bxe4 16. Nxe4 dxe4 17. Bxc4 e5 18. dxe5 Nxe5 19. Be3 Qc6 20. Bb3 a5 21.
a4 Rad8 22. Qc2 Kh8 23. Rad1 f5 24. Rxd8 Rxd8 25. Rd1 Rxd1+ 26. Qxd1 Nd3 27.
Ba2 f4 28. Bxf4 Qb6 29. Be3 Qxb2 30. Bd5 Bxc3 31. Bxe4 Nb4 32. Qd8+ Kg7 33.
Qe7+ Kg8 34. Bh6 Qc1+ 35. Bxc1 1-0

[Event "Cto. FACV Ind. Absoluto Valencia 2014"]
[Site "Valencia ESP"]
[Date "2014.11.22"]
[Round "7.10"]
[White "Torres Sanchez, Jose"]
[Black "Lozano Gil, Jose Luis"]
[Result "1-0"]
[WhiteElo "2277"]
[BlackElo "1950"]
[PlyCount "55"]
[EventDate "2014.09.27"]
[EventType "swiss"]
[EventRounds "7"]
[EventCountry "ESP"]

1. d4 Nf6 2. c4 e6 3. Nc3 c5 4. d5 exd5 5. cxd5 d6 6. e4 g6 7. f4 Bg7 8. e5
dxe5 9. fxe5 Nfd7 10. e6 Bxc3+ 11. bxc3 Qh4+ 12. g3 Qe4+ 13. Qe2 Qxe2+ 14. Nxe2
fxe6 15. Nf4 Nb6 16. c4 exd5 17. cxd5 Bf5 18. Bb5+ N8d7 19. Bb2 O-O 20. O-O-O
a6 21. Be2 Rfe8 22. Rhe1 Na4 23. Ba1 b5 24. Ne6 Rac8 25. Ng7 Rxe2 26. Rxe2 Bg4
27. Re7 Bxd1 28. Ne6 1-0

[Event "Cto. FACV Ind. Absoluto Valencia 2014"]
[Site "Valencia ESP"]
[Date "2014.11.22"]
[Round "7.11"]
[White "Baeza Garcia, Agustin"]
[Black "Garcia Martin, Marta"]
[Result "1/2-1/2"]
[WhiteElo "1939"]
[BlackElo "1973"]
[PlyCount "52"]
[EventDate "2014.09.27"]
[EventType "swiss"]
[EventRounds "7"]
[EventCountry "ESP"]

1. d4 Nf6 2. c4 e6 3. g3 d5 4. Bg2 Be7 5. Nf3 O-O 6. O-O c6 7. Qc2 Nbd7 8. Nbd2
b6 9. e4 Bb7 10. e5 Ne8 11. Re1 Rc8 12. cxd5 cxd5 13. Qd3 Qc7 14. Nf1 Qc2 15.
Qxc2 Rxc2 16. Ne3 Rc8 17. Bf1 Nc7 18. Bd2 Ba6 19. Rac1 Bxf1 20. Kxf1 b5 21. Nc2
Na8 22. Bb4 Rxc2 23. Bxe7 Rfc8 24. Rxc2 Rxc2 25. Re2 Rc1+ 26. Re1 Rc2 1/2-1/2

[Event "Cto. FACV Ind. Absoluto Valencia 2014"]
[Site "Valencia ESP"]
[Date "2014.11.22"]
[Round "7.13"]
[White "Custard Gasco, Daniel"]
[Black "Benedito Salavert, Jaime"]
[Result "0-1"]
[WhiteElo "1775"]
[BlackElo "1914"]
[PlyCount "56"]
[EventDate "2014.09.27"]
[EventType "swiss"]
[EventRounds "7"]
[EventCountry "ESP"]

1. e4 d6 2. d4 Nf6 3. Nc3 g6 4. Be3 Bg7 5. Nf3 c6 6. h3 a6 7. Qd2 b5 8. Bd3 Qc7
9. Bh6 O-O 10. Bxg7 Kxg7 11. g4 e5 12. g5 Nh5 13. O-O-O Nd7 14. dxe5 dxe5 15.
Ne2 Nc5 16. Qc3 Nd7 17. Ng3 Nf4 18. Rh2 c5 19. Rdh1 b4 20. Qe1 c4 21. Bf1 c3
22. h4 Rd8 23. h5 Nf8 24. hxg6 fxg6 25. Rh4 Qa5 26. Kb1 Be6 27. b3 Qa3 28. Qc1
Rd1 0-1

[Event "Cto. FACV Ind. Absoluto Valencia 2014"]
[Site "Valencia ESP"]
[Date "2014.11.22"]
[Round "7.14"]
[White "Capella Gimenez, Jose M"]
[Black "Leon Ortiz, Jose Vicente"]
[Result "1-0"]
[WhiteElo "2051"]
[BlackElo "1794"]
[PlyCount "77"]
[EventDate "2014.09.27"]
[EventType "swiss"]
[EventRounds "7"]
[EventCountry "ESP"]

1. d4 Nf6 2. c4 g6 3. Nc3 d5 4. cxd5 Nxd5 5. e4 Nxc3 6. bxc3 Bg7 7. Bc4 c5 8.
Ne2 O-O 9. O-O Nc6 10. Be3 Qc7 11. Rc1 Rd8 12. f4 e6 13. Kh1 a6 14. Qe1 b5 15.
Bd3 c4 16. Bb1 f5 17. Qf2 Bb7 18. d5 exd5 19. Bb6 Qf7 20. Bxd8 Rxd8 21. exf5
gxf5 22. Nd4 Nxd4 23. cxd4 Bc8 24. Rfe1 Re8 25. Rxe8+ Qxe8 26. Re1 Qf7 27. Qh4
Bf6 28. Qf2 Kf8 29. Qe3 b4 30. Bc2 Bd7 31. Qh3 Bxd4 32. Qh6+ Bg7 33. Qd6+ Kg8
34. Re7 Qf6 35. Qxf6 Bxf6 36. Rxd7 d4 37. Bxf5 a5 38. Be6+ Kh8 39. Bxc4 1-0

[Event "Cto. FACV Ind. Absoluto Vila-real 2014"]
[Site "Villareal ESP"]
[Date "2014.09.27"]
[Round "1.1"]
[White "Ventura Monfort, Javier"]
[Black "Romero Calduch, Sergio"]
[Result "0-1"]
[WhiteElo "1798"]
[BlackElo "2179"]
[PlyCount "82"]
[EventDate "2014.09.27"]
[EventType "swiss"]
[EventRounds "7"]
[EventCountry "ESP"]
[Source "lmi"]
[SourceDate "2014.09.27"]

1. d4 Nf6 2. c4 e6 3. Nc3 Bb4 4. Qc2 O-O 5. a3 Bxc3+ 6. Qxc3 b5 7. cxb5 c6 8.
Bg5 h6 9. Bh4 cxb5 10. e3 Bb7 11. Nf3 g5 12. Bg3 Ne4 13. Qb4 a6 14. Bd3 a5 15.
Qb3 a4 16. Qd1 d6 17. O-O Qb6 18. Qe2 Nxg3 19. hxg3 b4 20. Rfc1 Nc6 21. Nh2 f5
22. Nf1 Na5 23. Nd2 g4 24. Bb5 Nb3 25. Nxb3 axb3 26. Qc4 bxa3 27. Qxe6+ Kg7 28.
Qxb3 Ra5 29. bxa3 Rxb5 30. Rc7+ Qxc7 31. Qxb5 Qc6 32. Qxc6 Bxc6 33. Kf1 Rb8 34.
a4 Be4 35. a5 Rb1+ 36. Rxb1 Bxb1 37. Ke2 Be4 38. a6 Bxg2 39. Kd2 Kf6 40. Kc3
Ke6 41. Kb4 Kd7 0-1

[Event "Cto. FACV Ind. Absoluto Vila-real 2014"]
[Site "Villareal ESP"]
[Date "2014.09.27"]
[Round "1.2"]
[White "Aymerich Rosell, Pablo"]
[Black "Arroyo Cabrera, Andres"]
[Result "1-0"]
[WhiteElo "2163"]
[BlackElo "1744"]
[PlyCount "95"]
[EventDate "2014.09.27"]
[EventType "swiss"]
[EventRounds "7"]
[EventCountry "ESP"]
[Source "lmi"]
[SourceDate "2014.09.27"]

1. d4 Nf6 2. c4 g6 3. Nc3 Bg7 4. e4 d6 5. Be2 b6 6. Nf3 O-O 7. O-O Bg4 8. Be3
Bxf3 9. Bxf3 e5 10. d5 Nbd7 11. Rc1 h6 12. b4 a6 13. Qd2 Kh7 14. Rc2 Ng8 15.
Be2 Qh4 16. Rfc1 Qe7 17. Na4 Ndf6 18. f3 Qd7 19. Nb2 h5 20. c5 Rfc8 21. cxb6
cxb6 22. Rxc8 Rxc8 23. Bxa6 Rxc1+ 24. Qxc1 Bh6 25. Bxh6 Nxh6 26. Qc6 Qd8 27.
Nc4 Ne8 28. Qxb6 Qh4 29. Qf2 Qf4 30. Qe3 Qf6 31. Bb5 Nc7 32. Bc6 Na6 33. b5 Nc5
34. b6 Qe7 35. a4 f5 36. b7 Nxb7 37. Qa7 Qh4 38. Qxb7+ Kg8 39. Qb8+ Kg7 40.
Qa7+ Kh8 41. Qf2 Qd8 42. h3 fxe4 43. fxe4 Kg7 44. a5 Nf7 45. a6 Qb8 46. a7 Qb1+
47. Qf1 Qxe4 48. Qxf7+ 1-0

[Event "Cto. FACV Ind. Absoluto Vila-real 2014"]
[Site "Villareal ESP"]
[Date "2014.09.27"]
[Round "1.4"]
[White "Alamillo Sanz, Ildefonso"]
[Black "Aimimir Gimenez, Jose"]
[Result "1-0"]
[WhiteElo "1950"]
[BlackElo "1634"]
[PlyCount "85"]
[EventDate "2014.09.27"]
[EventType "swiss"]
[EventRounds "7"]
[EventCountry "ESP"]
[Source "lmi"]
[SourceDate "2014.09.27"]

1. e4 e6 2. d4 d5 3. Nc3 Bb4 4. Qg4 g6 5. e5 c5 6. a3 Bxc3+ 7. bxc3 Qc7 8. Nf3
cxd4 9. Qxd4 a6 10. Bd2 Nc6 11. Qf4 Bd7 12. Bd3 f6 13. O-O Nxe5 14. Rfe1 Nxf3+
15. Qxf3 Qd6 16. c4 Bc6 17. Bb4 Qd7 18. Qh3 O-O-O 19. Rxe6 f5 20. Rae1 Qc7 21.
Rxg6 hxg6 22. Qxh8 Ne7 23. Qg7 dxc4 24. Rxe7 Qb6 25. Bf1 Be4 26. Qe5 Qc6 27.
Ba5 b6 28. Re6 Qd5 29. Bxb6 Qxe5 30. Rxe5 Rd6 31. f3 Bxc2 32. Be3 Bb3 33. Bxc4
Bxc4 34. Rc5+ Kd7 35. Rxc4 Rd3 36. Bc1 Ke6 37. Kf2 Kd5 38. Rc8 Rd4 39. Rd8+ Kc4
40. Rxd4+ Kxd4 41. Kg3 Ke5 42. Bb2+ Ke6 43. Kf4 1-0

[Event "Cto. FACV Ind. Absoluto Vila-real 2014"]
[Site "Villareal ESP"]
[Date "2014.09.27"]
[Round "1.5"]
[White "Agudo Pelayo, David"]
[Black "Gallego Mora, Salvador"]
[Result "1/2-1/2"]
[WhiteElo "1573"]
[BlackElo "1928"]
[PlyCount "116"]
[EventDate "2014.09.27"]
[EventType "swiss"]
[EventRounds "7"]
[EventCountry "ESP"]
[Source "lmi"]
[SourceDate "2014.09.27"]

1. e4 e5 2. Nf3 Nc6 3. Bb5 Nd4 4. Nxd4 exd4 5. d3 c6 6. Bc4 d6 7. Bf4 Nf6 8.
Nd2 Be7 9. O-O O-O 10. Nf3 Bg4 11. Qe2 Nd7 12. h3 Bxf3 13. Qxf3 Ne5 14. Bxe5
dxe5 15. Qg3 Bd6 16. c3 Qe7 17. cxd4 exd4 18. f4 a5 19. a3 b5 20. Ba2 b4 21. a4
Rac8 22. Bc4 Kh8 23. e5 Bb8 24. Rae1 h6 25. h4 Rce8 26. b3 Bc7 27. Re4 f5 28.
Re2 Bd8 29. Qg6 Qxh4 30. Qxc6 Qg4 31. Rf3 Bh4 32. Qb6 Bg3 33. Qxd4 Qh4 34. Qe3
Bh2+ 35. Kf1 g5 36. Rh3 Qxf4+ 37. Qxf4 Bxf4 38. Rxh6+ Kg7 39. Ra6 Rxe5 40. Rxe5
Bxe5 41. Rxa5 Re8 42. Kf2 Bd4+ 43. Kg3 Re3+ 44. Kh2 Be5+ 45. Kg1 Bg3 46. d4
Re1+ 47. Bf1 Kf6 48. Ra6+ Ke7 49. Rb6 Bd6 50. Kf2 Rd1 51. Rb5 Rxd4 52. Rxf5
Rf4+ 53. Rxf4 Bxf4 54. Kf3 Kd6 55. a5 Kc6 56. a6 Kb6 57. g3 Bd2 58. Ke2 Bc3
1/2-1/2

[Event "Cto. FACV Ind. Absoluto Vila-real 2014"]
[Site "Villareal ESP"]
[Date "2014.09.27"]
[Round "1.6"]
[White "Soriano Pallas, Rafael"]
[Black "Rivera Lirio, Francisco"]
[Result "1-0"]
[WhiteElo "1911"]
[BlackElo "1494"]
[PlyCount "45"]
[EventDate "2014.09.27"]
[EventType "swiss"]
[EventRounds "7"]
[EventCountry "ESP"]
[Source "lmi"]
[SourceDate "2014.09.27"]

1. e4 c5 2. d4 cxd4 3. c3 Nc6 4. cxd4 e6 5. Nc3 d5 6. e5 Bd7 7. a3 a5 8. Nf3
Be7 9. Bd3 f6 10. O-O Qc7 11. Nb5 Qb8 12. Bf4 h5 13. Qd2 b6 14. exf6 Qd8 15.
Bg6+ Kf8 16. fxe7+ Ncxe7 17. Bc7 Qc8 18. Qf4+ Nf6 19. Bd3 Rh6 20. Rac1 Qa6 21.
a4 Bxb5 22. Bxb5 Qa7 23. Ng5 1-0

[Event "Cto. FACV Ind. Absoluto Vila-real 2014"]
[Site "Villareal ESP"]
[Date "2014.09.27"]
[Round "1.7"]
[White "Gargallo Catalan, Oscar"]
[Black "Viciano Barrachina, Aitor"]
[Result "0-1"]
[WhiteElo "1454"]
[BlackElo "1892"]
[PlyCount "32"]
[EventDate "2014.09.27"]
[EventType "swiss"]
[EventRounds "7"]
[EventCountry "ESP"]
[Source "lmi"]
[SourceDate "2014.09.27"]

1. Nf3 Nf6 2. d4 d5 3. c4 c6 4. Nc3 Bg4 5. Ne5 Bh5 6. Bf4 Nbd7 7. cxd5 Nxe5 8.
Bxe5 Nxd5 9. Qb3 Qb6 10. Nxd5 Qxb3 11. Nc7+ Kd7 12. axb3 Rc8 13. Rxa7 Rxc7 14.
Bxc7 Kxc7 15. e3 e6 16. Ra8 Bb4# 0-1